000 00621nam a2200217Ia 4500
003 GCL
008 140319s9999 xx 000 0 ara d
040 _aGCL /
_cGCL
082 0 4 _a192
_bم ا
100 1 _aمحمود سيد احمد
245 1 0 _aالاخلاق عند هيوم /
_cمحمود سيد احمد
260 _a[S.N] :
_bدار الجامعات المصرية ،
_c1992
300 _a131
490 _a
650 0 4 _aالفلسفة
650 0 4 _aالاخلاق
650 0 4 _aالفلسفة العربية
650 0 4 _aالفلسفة الانجليزية
650 0 4 _aهيوم
942 _2ddc
_cBK
999 _c30757
_d30757